000 00910nam a2200241 u 4500
005 20240605063911.0
008 091109s2000 ag r 000 0 spa d
035 _aUPN01000173661
049 _aCG
050 4 _aLB1026
_bC6.6
245 0 0 _aConcepciones y prácticas en el aprendizaje y la enseñanza :
_bla clase, la lección y la exposición : cambio conceptual, cambio educativo /
_cdir. Daniel Horacio Kaplan.
260 _aBuenos Aires :
_bNovedades Educativas,
_c2000.
300 _a95 p.
440 0 _aPsicología y educación ;
_v33.
_pEnsayos y experiencias
500 _aDatos tomados de la cubierta
590 _aTambién localizas un ejemplar en el "Area de Reserva"
590 _aBibliografía Básica, 2009 (BGTQ)
650 2 _aAprendizaje escolar
_96487
650 4 _aEnseñanza
_xMetodología
_97684
700 1 _aKaplan, Daniel Horacio,
_edir.
905 _aLibro
999 _c145765
_d145765